[Event "Narbonne op 10th"]
[Site "Narbonne"]
[Date "2008.??.??"]
[Round "5"]
[White "Buresi, Bruno"]
[Black "Prevost, Matthieu"]
[Result "1-0"]
[WhiteElo "1830"]
[BlackElo "2090"]
[PlyCount "73"]
[EventDate "2008.05.08"]
[EventType "swiss"]
[EventRounds "7"]
[EventCountry "FRA"]
[SourceTitle "CBM 124 Extra"]
[Source "ChessBase"]
[SourceDate "2008.07.03"]
[SourceVersion "1"]
[SourceVersionDate "2008.07.03"]
[SourceQuality "1"]

1. e4 c5 2. Nf3 e6 3. d4 cxd4 4. Nxd4 a6 5. a3 Qc7 6. Be2 Nf6 7. Nc3 Be7 8. 0-0 d6 9. f4 Nbd7 10. Kh1 b6 11. Qe1 Bb7 12. Bf3 g6 13. e5 dxe5 14. fxe5 Bxf3 15. exf6 Bxg2+ 16. Kxg2 Bxf6 17. Qe4 0-0 18. Bh6 Rfe8 19. Rae1 Rad8 20. Nd5 Qc5 21. Rxf6 Nf8 22. Bxf8 Qxd5 23. Qxd5 Rxd5 24. Nxe6 fxe6 25. Bb4 a5 26. Bc3 Rd6 27. Re2 Rc6 28. Rd2 b5 29. Bxa5 Kg7 30. Rf3 Re7 31. Bc3+ Kh6 32. Rf6 Kg5 33. Rd5+ Kh6 34. Rxb5 Rc4 35. Re5 Rc6 36. a4 Kg7 37. Rexe6 1-0

[Event "Narbonne op 10th"]
[Site "Narbonne"]
[Date "2008.??.??"]
[Round "1"]
[White "Prevost, Matthieu"]
[Black "Arpinon, Jack"]
[Result "1-0"]
[WhiteElo "2090"]
[BlackElo "1590"]
[PlyCount "69"]
[EventDate "2008.05.08"]
[EventType "swiss"]
[EventRounds "7"]
[EventCountry "FRA"]
[SourceTitle "CBM 124 Extra"]
[Source "ChessBase"]
[SourceDate "2008.07.03"]
[SourceVersion "1"]
[SourceVersionDate "2008.07.03"]
[SourceQuality "1"]

1. e4 c5 2. Nc3 d6 3. g3 Nf6 4. Bg2 Nc6 5. d3 e6 6. f4 Be7 7. Nf3 Rb8 8. 0-0 a6 9. h3 Bd7 10. Ne2 0-0 11. g4 Qb6 12. c3 Rfd8 13. Ng3 g6 14. f5 exf5 15. exf5 Ne5 16. Ng5 c4+ 17. d4 Nd3 18. N3e4 Bc6 19. fxg6 Bxe4 20. gxf7+ Kf8 21. Nxe4 Kg7 22. Ng5 Rh8 23. Qe2 Kf8 24. Bd5 Nc5 25. Bxc4 d5 26. Bb3 Nxb3 27. axb3 Ne4 28. Nxe4 dxe4 29. Qxe4 h6 30. Qe5 Rh7 31. Qxb8+ Kg7 32. f8Q+ Bxf8 33. Qxf8+ Kg6 34. Qe8+ Kg7 35. Qf7+ 1-0

[Event "ACP Blitz"]
[Site "Playchess.com INT"]
[Date "2006.??.??"]
[Round "7"]
[White "Adams, Michael"]
[Black "Prevost, Matthieu"]
[Result "1-0"]
[WhiteElo "2735"]
[BlackElo "1891"]
[PlyCount "79"]
[EventDate "2006.12.??"]
[EventType "swiss (blitz)"]
[EventRounds "11"]
[EventCountry "GER"]
[SourceTitle "EXT 2013"]
[Source "ChessBase"]
[SourceDate "2012.11.22"]
[SourceVersion "1"]
[SourceVersionDate "2012.11.22"]
[SourceQuality "1"]

1. d4 g6 2. e4 Bg7 3. Nc3 d6 4. Bg5 a6 5. f4 b5 6. Nf3 Bb7 7. Bd3 Nd7 8. 0-0 c5 9. dxc5 Nxc5 10. Qe2 Qc7 11. e5 d5 12. b4 Nxd3 13. Qxd3 e6 14. Ne2 Ne7 15. Ned4 0-0 16. Bf6 Rac8 17. a4 Nc6 18. axb5 Nxd4 19. Nxd4 axb5 20. Bxg7 Kxg7 21. Qxb5 Qc3 22. Rad1 Bc6 23. Qb6 Ba4 24. Qa7 Qe3+ 25. Kh1 Bxc2 26. Nxe6+ Kg8 27. Qxe3 Bxd1 28. Nxf8 Bg4 29. h3 Bf5 30. e6 Kxf8 31. exf7 Kxf7 32. Rd1 Be4 33. b5 Rc2 34. Rd2 Rc1+ 35. Kh2 Rb1 36. Qc5 Kf6 37. Qd6+ Kg7 38. Qe7+ Kh6 39. Ra2 Rc1 40. Ra7 1-0

[Event "ACP Blitz"]
[Site "Playchess.com INT"]
[Date "2006.??.??"]
[Round "1"]
[White "Fedorov, Alexei"]
[Black "Prevost, Matthieu"]
[Result "1-0"]
[WhiteElo "2617"]
[BlackElo "1891"]
[PlyCount "97"]
[EventDate "2006.12.??"]
[EventType "swiss (blitz)"]
[EventRounds "11"]
[EventCountry "GER"]
[SourceTitle "EXT 2013"]
[Source "ChessBase"]
[SourceDate "2012.11.22"]
[SourceVersion "1"]
[SourceVersionDate "2012.11.22"]
[SourceQuality "1"]

1. e4 g6 2. d4 Bg7 3. c3 d6 4. Nf3 a6 5. Bd3 b5 6. 0-0 Bb7 7. a4 bxa4 8. Qxa4+ Nd7 9. Nbd2 Ngf6 10. Re1 0-0 11. Nb3 c5 12. Na5 Bc8 13. Nc6 Qe8 14. e5 dxe5 15. dxe5 Nd5 16. Qh4 N7b6 17. Na5 e6 18. Bh6 Qd8 19. Ng5 f6 20. exf6 Qxf6 21. Bxg7 Qxg7 22. Nxe6 Bxe6 23. Rxe6 Nf4 24. Rxb6 Nxd3 25. Qc4+ Qf7 26. Qxd3 Qxf2+ 27. Kh1 Rad8 28. Qc4+ Kg7 29. Rb7+ Kh6 30. h3 Rd2 31. Rg1 Rf3 32. Qg4 Rf4 33. Qc8 Qg3 34. Qh8 Rff2 35. Rxh7+ Kg5 36. Qa8 Qd3 37. h4+ Kg4 38. Qc8+ Kg3 39. Qh3+ Kf4 40. Rf7+ Ke5 41. Re1+ Rde2 42. Qxd3 Rxe1+ 43. Kh2 Rxf7 44. Qg3+ Rf4 45. Qxe1+ Re4 46. Nc4+ Kf5 47. Nd6+ Ke5 48. Qxe4+ Kxd6 49. Qxg6+ 1-0

[Event "ACP Blitz"]
[Site "Playchess.com INT"]
[Date "2006.??.??"]
[Round "11"]
[White "Prevost, Matthieu"]
[Black "Kobalia, Mihail"]
[Result "0-1"]
[WhiteElo "1891"]
[BlackElo "2643"]
[PlyCount "74"]
[EventDate "2006.12.??"]
[EventType "swiss (blitz)"]
[EventRounds "11"]
[EventCountry "GER"]
[SourceTitle "EXT 2013"]
[Source "ChessBase"]
[SourceDate "2012.11.22"]
[SourceVersion "1"]
[SourceVersionDate "2012.11.22"]
[SourceQuality "1"]

1. d4 f5 2. Nc3 Nf6 3. e4 fxe4 4. Bg5 Nc6 5. f3 d5 6. fxe4 dxe4 7. d5 Ne5 8. Qd4 Nf7 9. Bxf6 exf6 10. Nxe4 Be7 11. 0-0-0 0-0 12. Bc4 f5 13. Nc5 Bxc5 14. Qxc5 Nd6 15. Nf3 a5 16. h4 Bd7 17. Ng5 b6 18. Qd4 Qf6 19. Qxf6 gxf6 20. Ne6 Bxe6 21. dxe6 Nxc4 22. Rd7 Rac8 23. Rg1 Ne5 24. Rd4 Rfe8 25. Rf1 Rxe6 26. Rxf5 Rce8 27. b3 Kg7 28. g4 R8e7 29. g5 fxg5 30. Rxg5+ Rg6 31. Rf5 Rg2 32. h5 Nc6 33. Rdf4 Nb4 34. Rc4 Nxa2+ 35. Kb2 Nb4 36. h6+ Kxh6 37. Rh4+ Kg6 0-1

[Event "ACP Blitz"]
[Site "Playchess.com INT"]
[Date "2006.??.??"]
[Round "10"]
[White "Socko, Bartosz"]
[Black "Prevost, Matthieu"]
[Result "1-0"]
[WhiteElo "2630"]
[BlackElo "1891"]
[PlyCount "87"]
[EventDate "2006.12.??"]
[EventType "swiss (blitz)"]
[EventRounds "11"]
[EventCountry "GER"]
[SourceTitle "EXT 2013"]
[Source "ChessBase"]
[SourceDate "2012.11.22"]
[SourceVersion "1"]
[SourceVersionDate "2012.11.22"]
[SourceQuality "1"]

1. d4 g6 2. e4 Bg7 3. Be3 d6 4. Nc3 a6 5. Qd2 b5 6. 0-0-0 Bb7 7. f3 h5 8. Kb1 Nd7 9. Nh3 Rc8 10. Ng5 c5 11. dxc5 Nxc5 12. Bd4 Nf6 13. Nd5 Bxd5 14. exd5 Na4 15. b3 Nc5 16. h4 Qc7 17. Rc1 Rb8 18. c4 b4 19. Qe3 0-0 20. Bd3 a5 21. Bc2 a4 22. Rce1 axb3 23. Bxb3 Nxb3 24. axb3 Rfc8 25. Qxe7 Nxd5 26. Qxc7 Nxc7 27. Bxg7 Kxg7 28. Re7 Rf8 29. Rxc7 Rbe8 30. Kc2 Re2+ 31. Kd3 Rxg2 32. Ne6+ Kg8 33. Nxf8 Kxf8 34. Re1 Rg3 35. Ke4 Rh3 36. Kd5 Rxh4 37. Kxd6 Rf4 38. c5 Rxf3 39. Rc8+ Kg7 40. c6 Rxb3 41. c7 Rd3+ 42. Ke7 b3 43. Rb8 Rc3 44. c8Q 1-0